Central Library OPAC University of Rajshahi

The Years Work in English Studies, (Record no. 86257)

MARC details
000 -LEADER
fixed length control field 00534nam a22001937a 4500
001 - CONTROL NUMBER
control field 86257
003 - CONTROL NUMBER IDENTIFIER
rucl marc code BD-RjUL
005 - DATE AND TIME OF LATEST TRANSACTION
control field 20260329120247.0
008 - FIXED-LENGTH DATA ELEMENTS--GENERAL INFORMATION
fixed length control field 260329s1959 us ||||| i||| 00| 0 eng d
035 ## - SYSTEM CONTROL NUMBER
System control number (BD-RjUL)86257
040 ## - CATALOGING SOURCE
Original cataloging agency BD-RjUL
Language of cataloging eng
Transcribing agency BD-RjUL
041 ## - LANGUAGE CODE
Language code of text/sound track or separate title eng
082 ## - DEWEY DECIMAL CLASSIFICATION NUMBER
Edition number 23
Classification number 820
Author mark and year BEY 1959
245 ## - TITLE STATEMENT
Title The Years Work in English Studies,
Statement of responsibility, etc. Edited by Beatrice White
504 ## - BIBLIOGRAPHY, ETC. NOTE
Bibliography, etc Formatted note, Volume - xl
650 ## - SUBJECT ADDED ENTRY--TOPICAL TERM
Topical term or geographic name as entry element English Studies,
9 (RLIN) 17876
700 ## - ADDED ENTRY--PERSONAL NAME
Personal name White, Beatrice, Edited by
942 ## - ADDED ENTRY ELEMENTS (KOHA)
Source of classification or shelving scheme Dewey Decimal Classification
Koha item type Books
Holdings
Lost status Source of classification or shelving scheme Damaged status Not for loan Permanent Location Current Location Shelving location Date acquired Source of acquisition Total Checkouts Full call number Date last seen Copy number Koha item type
  Dewey Decimal Classification   Not For Loan Central Library, University of Rajshahi Central Library, University of Rajshahi Reference 29/03/2026 American Comracial   R 820 BEY 1959 29/03/2026 C-1 Books